000 00545nam a2200193 i 4500
001 100052
003 ES-MaACL
005 20230906182610.0
007 t|
008 050921s1957 sp ||||1| spa d
100 1 _aMartínez Remis, Manuel.
_978350
245 1 0 _aDiecinueve cartas apasionadas /
_cpor Manuel Martínez Remis.
260 _aMadrid :
_b[s.n.],
_c1957.
300 _a31 p. ;
_c17 cm.
490 1 _aLazarillo ;
_v4
830 0 _aLazarillo ;
_v4
_9184556
852 _aES-MaACL
_j2114-F-9
_bR.114288
999 _c100052
_d100052